Хрестоматия по хоровому классу (Запись № 10962817)

Подробности
000 -МАРКЕР
контрольное поле 04067ncm0a2200433 4500
001 - ИДЕНТИФИКАТОР ЗАПИСИ
контрольное поле RU\NLR\ONIZ\227794
005 - ИДЕНТИФИКАТОР ВЕРСИИ
контрольное поле 20250623232207.0
010 ## - МЕЖДУНАРОДНЫЙ СТАНДАРТНЫЙ НОМЕР КНИГИ (ISBN)
Номер (ISBN) 978-5-907038-07-3
010 ## - МЕЖДУНАРОДНЫЙ СТАНДАРТНЫЙ НОМЕР КНИГИ (ISBN)
Номер (ISBN) 979-0-9003218-4-8
021 ## - НОМЕР ГОСУДАРСТВЕННОЙ РЕГИСТРАЦИИ
Код страны российская федерация
Номер 18-000357
Номер Листа государственной регистраци 18-28
035 ## - ДРУГИЕ СИСТЕМНЫЕ НОМЕРА
Идентификатор записи RU\NLR\ONIZ\natafirs\5000003183\20200217153752
035 ## - ДРУГИЕ СИСТЕМНЫЕ НОМЕРА
Идентификатор записи (NLR Aleph) 012226682
100 ## - ДАННЫЕ ОБЩЕЙ ОБРАБОТКИ
Данные общей обработки 20200217d2018 |||y0rusy50 ca
101 0# - ЯЗЫК РЕСУРСА
Язык текста, звукозаписи и т.д. русский
102 ## - СТРАНА ПУБЛИКАЦИИ ИЛИ ПРОИЗВОДСТВА
Страна публикации российская федерация
125 ## - ПОЛЕ КОДИРОВАННЫХ ДАННЫХ: ЗВУКОЗАПИСИ И НОТНЫЕ ИЗДАНИЯ
Форма изложения нотного текста ay
145 0# - ПОЛЕ КОДИРОВАННЫХ ДАННЫХ: СРЕДСТВО ИСПОЛНЕНИЯ МУЗЫКАЛЬНОГО ПРОИЗВЕДЕНИЯ (УСТАРЕВШЕЕ)
Тип средства исполнения c
200 1# - ЗАГЛАВИЕ И СВЕДЕНИЯ ОБ ОТВЕТСТВЕННОСТИ
Основное заглавие Хрестоматия по хоровому классу
Общее обозначение материала Ноты
Сведения, относящиеся к заглавию для музыкальных вузов по направлению подготовки 53.03.06 "Музыкознание и музыкально-прикладное искусство" профиль подготовки - "Музыкальная педагогика" и учебных заведений среднего профессионального образования по специальности 53.02.06 "Хоровое дирижирование"
Первые сведения об ответственности авт.-сост. О. Е. Мишина, П. А. Савинков
208 ## - ОБЛАСТЬ СПЕЦИФИЧЕСКИХ СВЕДЕНИЙ: НОТНЫЕ ИЗДАНИЯ
Форма изложения нотного текста Хоровая партитура
210 ## - ПУБЛИКАЦИЯ, РАСПРОСТРАНЕНИЕ И ДР.
Место издания, распространения и т.д. Москва
Имя издателя, распространителя и т. д. ООО "Издательство "Согласие"
Дата издания, распространения и т.д. 2018
215 ## - ФИЗИЧЕСКАЯ ХАРАКТЕРИСТИКА
Специфическое обозначение материала и объем 104 с.
Размеры 29 см
313 ## - ПРИМЕЧАНИЯ, ОТНОСЯЩИЕСЯ К ТЕМАТИЧЕСКОМУ ДОСТУПУ
Текст примечания Систематизация документа проведена по изданию - Методика классифицирования музыкальных произведений (нотных изданий) по таблицам Библиотечно-библиографических классификаций : метод. рекомендации / Гос. б-ка СССР им. В.И. Ленина.- М., 1977. Индексу ББК методических рекомендаций присваивается код ББК для научных библиотек - LBC/SL
327 1# - ПРИМЕЧАНИЯ О СОДЕРЖАНИИ
Текст примечания 1. Две акварели на стихи И. Бунина (Весна, Ясным утром) / А. Ларин. 2. Ноктюрн / Й. Мысливечек. 3. Terzetto "Die Engel" / Ф. Мендельсон-Бартольди. 4. Panis angelicus / С. Франк ; переложение для трехголосного хора Д. Султановой. 5. Хор из 1-й сцены оперы "Олаф Трюгвасон" / Э. Григ ; переложение для трехголосного хора С. Доколиной. 6. Трехголосная Литургия Св. Иоанна Златоустого (№ 1. Слава...Единородный Сыне, № 2. Херувимская песнь) / Д. Бортнянский. 7. "Mi lagnero tacendo" (nocturno KV 437) / В. Моцарт. 8. Ave Maria / А. Палао Редондо. 9. Capricciata e contrappunto / А. Банкьери. 10. Русская народная песня "Таня-Танюша" / в обработке А. Миронова. 11. Белорусская народная песня "Туман арам" / в обработке А. Саврицкого. 12. "Stabat Mater" / Е. Устинсковс. 13. Поэма-ноктюрн (часть 1) / А. Соколов. 14. Есть в осени первоначальной / П. Савинков. 15. "Agnus Dei" : из Messe g-moll / М. Ваган. 16. "Propecatis" : из мистерии "Stabat Mater" / Ли Отта
606 1# - НАИМЕНОВАНИЕ ТЕМЫ КАК ПРЕДМЕТ
Наименование темы Хрестоматия по хоровому классу
Географический подзаголовок Россия
Хронологический подзаголовок 21 век
Код системы nlr_sh
686 ## - ИНДЕКСЫ ДРУГИХ КЛАССИФИКАЦИЙ
Индекс Щ941.93
Издание LBC/SL
Код системы
702 #1 - ИМЯ ЛИЦА - ВТОРИЧНАЯ ОТВЕТСТВЕННОСТЬ
Системный номер авторитетной/нормативной записи z01790
Начальный элемент ввода Мишина
Часть имени, кроме начального элемента ввода О. Е.
Код отношения Автор
-- Составитель
Графика поля Кириллица
702 #1 - ИМЯ ЛИЦА - ВТОРИЧНАЯ ОТВЕТСТВЕННОСТЬ
Системный номер авторитетной/нормативной записи z02790
Начальный элемент ввода Савинков
Часть имени, кроме начального элемента ввода П. А.
Код отношения Автор
-- Составитель
Графика поля Кириллица
790 #1 - ИМЯ ЛИЦА - АЛЬТЕРНАТИВНАЯ ФОРМА
Системный номер авторитетной/нормативной записи z01702
Начальный элемент ввода Mišina
Часть имени, кроме начального элемента ввода O. E.
Код отношения Автор
-- Составитель
Графика поля Латинская
790 #1 - ИМЯ ЛИЦА - АЛЬТЕРНАТИВНАЯ ФОРМА
Системный номер авторитетной/нормативной записи z02702
Начальный элемент ввода Savinkov
Часть имени, кроме начального элемента ввода P. A.
Код отношения Автор
-- Составитель
Графика поля Латинская
801 #0 - ИСТОЧНИК ЗАПИСИ
Страна российская федерация
Организация NLR
Дата составления 20200217
Правила каталогизации PSBO
801 #1 - ИСТОЧНИК ЗАПИСИ
Страна российская федерация
Организация NLR
Дата составления 20200217
Источник данных rusmarc
801 #2 - ИСТОЧНИК ЗАПИСИ
Страна российская федерация
Организация NLR
Дата составления 20200217
852 ## - МЕСТОНАХОЖДЕНИЕ И ШИФР ХРАНЕНИЯ
Идентификатор организации NLR
Наименование фонда или коллекции (Sub-Location Identifier) М
Шифр хранения (Call Number) 3/11922
Страна
Номер экземпляра 1
852 ## - МЕСТОНАХОЖДЕНИЕ И ШИФР ХРАНЕНИЯ
Идентификатор организации NLR
Наименование фонда или коллекции (Sub-Location Identifier) М
Шифр хранения (Call Number) 3/11922а
Страна
Номер экземпляра 2
942 ## - ДОПОЛНИТЕЛЬНЫЕ ЭЛЕМЕНТЫ ЗАПИСИ (АБИС)
Тип экземпляра АБИС Ноты
980 ## - КОЛЛЕКЦИЯ
Название коллекции Национальная библиография
980 ## - КОЛЛЕКЦИЯ
Название коллекции Отдел нот и звукозаписей
Экземпляры
Тип экземпляра Дата поступления Библиотека постоянного хранения Библиотека текущего хранения Место хранения Шифр хранения Статус не для выдачи
Ноты 17.02.2020 РНБ (Московский) РНБ (Московский) Фонд нот и звукозаписей 3/11922 3/11922  
Ноты 17.02.2020 РНБ (Московский) РНБ (Московский) Фонд нот и звукозаписей 3/11922а 3/11922а